Guess the Kpop idol - Girlbands edition - Statistiques

Statistiques générales
  • Ce quiz a été pris 246 fois
  • Le résultat moyen est 10 sur 16
Statistiques - réponses
Par images Réponse % Correct
Jennie
94%
Nayeon
94%
Yeji
92%
Chaewon
88%
Giselle
83%
Ahyeon
81%
Hanni
80%
Miyeon
76%
Natty
72%
Sullyoon
59%
BIBI
52%
Joy
49%
Moonbyul
48%
Tsuki
29%
Eunha
26%
Chungha
13%
Aucun quiz correspondant
Distribution des résultats
% des personnes avec chaque résultat
Percentile par nombre de réponses
Votre historique - résultats
Vous n’avez pas pris ce quiz